| 000 | 01392nam a2200397 c 4500 | ||
|---|---|---|---|
| 001 | 22441 | ||
| 003 | ES-MaCES | ||
| 005 | 20150929135729.0 | ||
| 008 | 090917s2009 sp d t o000 | spa d | ||
| 017 |
_aVA 167-2009 _bDL |
||
| 020 | _a9788495308398 | ||
| 035 | _aCES20090009278m | ||
| 040 |
_aES-MaCES _bspa _cES-MaCES |
||
| 245 | 0 | 0 |
_aPerspectivas del envejecimiento activo en Castilla y León _b: informe a iniciativa propia IIP 1-09 _cConsejo Económico y Social de Castilla y León |
| 260 |
_aValladolid _bCES _c[2009] |
||
| 300 |
_a463 p. _bgráf. col. _c24 cm |
||
| 504 | _aBibliografía: p. 419-428 | ||
| 541 | _cGratuito | ||
| 650 | 4 |
_aenvejecimiento de la población _930614 |
|
| 650 | 4 |
_apersonas de edad avanzada _928521 |
|
| 650 | 4 |
_aestado de salud _930671 |
|
| 650 | 4 |
_aasistencia a las personas de edad avanzada _927061 |
|
| 650 | 4 |
_aparticipación social _927284 |
|
| 650 | 4 |
_atrabajador de edad avanzada _928410 |
|
| 650 | 4 |
_aingreso _927108 |
|
| 650 | 4 |
_aprestaciones de vejez _927041 |
|
| 650 | 4 |
_aCastilla y León _930782 |
|
| 650 | 4 |
_aComunidades Autónomas _930768 |
|
| 650 | 4 |
_ainforme _928986 |
|
| 653 | 1 | 0 | _aCiencias Sociales-Políticas |
| 650 | 4 |
_927056 _aservicios sociales |
|
| 710 | 2 |
_aConsejo Económico y Social (Castilla y León) _92405 |
|
| 902 | _aLIB Libro | ||
| 942 |
_2CES _cBK _h7.0. |
||
| 999 |
_c22441 _d22441 |
||